000 00626nam a2200241Ia 4500
003 OSt
005 20220918193210.0
006 a|||||r|||| 00| 0
007 ta
008 220917b |||||||| |||| 00| 0 eng d
024 _a72,238
037 _cTextual
040 _aARTS
_cARTS
_beng
041 _2eng
_aeng
082 _aR412, N2
100 _aTaylor Charles
245 0 _aSources of the self
_b the making of the modern identity
260 _aCambridge
_bCUP
_c1992
300 _axii,601p.
_ccm.
650 _aETHICS
942 _hR412, N2
_cTEXL
_2CC
999 _c198242
_d198242